Statistiken für UEFA Nations League Liga C 2022/2023

Klicken Sie hier um das Quiz zu spielen!

Allgemein

  • Dieses Quiz wurde 96 mal gespielt
  • Das Durchschnittsergebnis liegt bei 11 aus 16

Antwortstatistiken

GroupLand% Korrekt
Gruppe 2Kosovo
85%
Gruppe 1Türkei
84%
Gruppe 2Griechenland
81%
Gruppe 1Litauen
81%
Gruppe 4Nordmazedonien
80%
Gruppe 1Luxemburg
79%
Gruppe 4Bulgarien
76%
Gruppe 2Nordirland
75%
Gruppe 3Slowakei
73%
Gruppe 3Belarus
70%
Gruppe 2Zypern
69%
Gruppe 3Aserbaidschan
63%
Gruppe 4Georgien
63%
Gruppe 4Gibraltar
58%
Gruppe 3Kasachstan
58%
Gruppe 1Färöer
53%

Verteilung der Resultate

Perzentil nach korrekt beantworteten Fragen

Anzahl Personen mit jedem Resultat

Ihre Resultats-Entwicklung

Sie haben dieses Quiz noch nicht gespielt